الإحصائيات لـ الأحرف الأبجدية العربية بالترتيب الألفبائي

أنقر هنا لكي تخضع للإختبار!

الإحصائيات العامة

  • هذا الإختبار تم الخضوع له 274 مره
  • الدرجة المتوسطة هي 13 من 28

إحصائيات الإجابة

Answer% صحيح
ا
100%
ب
99%
ت
93%
ث
91%
ج
84%
ح
82%
خ
81%
د
70%
ذ
64%
ر
61%
ز
59%
س
51%
ش
50%
ص
43%
ض
40%
ط
32%
ظ
26%
ع
21%
غ
20%
ف
18%
ق
17%
ك
13%
ل
12%
م
10%
ن
10%
ه
9%
و
9%
ي
8%

توزيع النقاط

النسبة وفقا للأرقام

نسبة الأشخاص لكل درجة

سجل النقاط الخاصة بك

لم تضخع لهذا الإختبار